[Event "Open International Graz"]
[Date "2026.02.20"]
[White "Durak, Can"]
[Black "Golenia, Jan"]
[WhiteElo "2416"]
[BlackElo "2199"]
[Round "9.9.20"]
[Result "1-0"]

d4 {[%clk 1:30:27]} Nf6 {[%clk 1:30:07]} Bg5 {[%clk 1:29:34]} d5 {[%clk
1:29:55]} e3 {[%clk 1:29:53]} h6 {[%clk 1:25:34]} Bh4 {[%clk 1:29:15]} c6 {[%clk
1:25:01]} Nd2 {[%clk 1:29:09]} Bf5 {[%clk 1:22:44]} Ngf3 {[%clk 1:26:02]} Nbd7
{[%clk 1:22:03]} a4 {[%clk 1:26:00]} g5 {[%clk 1:10:55]} Bg3 {[%clk 1:26:12]}
Bg7 {[%clk 1:11:22]} a5 {[%clk 1:26:00]} Ne4 {[%clk 0:53:24]} Nxe4 {[%clk
1:25:24]} Bxe4 {[%clk 0:53:50]} h4 {[%clk 1:25:37]} e6 {[%clk 0:39:39]} c4
{[%clk 1:25:48]} c5 {[%clk 0:36:21]} cxd5 {[%clk 1:18:40]} Bxd5 {[%clk 0:36:42]}
Bd6 {[%clk 1:11:21]} cxd4 {[%clk 0:33:20]} exd4 {[%clk 1:10:43]} Nb8 {[%clk
0:28:44]} Bc5 {[%clk 1:09:09]} Nc6 {[%clk 0:28:58]} Ne5 {[%clk 1:05:30]} Qc7
{[%clk 0:23:23]} Bb5 {[%clk 1:01:59]} Bxe5 {[%clk 0:23:23]} dxe5 {[%clk
1:02:22]} Qxe5+ {[%clk 0:23:37]} Qe2 {[%clk 1:02:31]} Qxe2+ {[%clk 0:22:10]}
Kxe2 {[%clk 1:02:38]} g4 {[%clk 0:19:13]} a6 {[%clk 1:02:23]} b6 {[%clk
0:19:34]} Bd4 {[%clk 1:02:19]} O-O {[%clk 0:19:57]} Bf6 {[%clk 0:58:25]} Bxg2
{[%clk 0:19:43]} Ra4 {[%clk 0:54:32]} h5 {[%clk 0:19:47]} Rc1 {[%clk 0:53:36]}
Nd8 {[%clk 0:13:10]} Be7 {[%clk 0:53:08]} e5 {[%clk 0:13:39]} Bd7 {[%clk
0:53:08]} Ne6 {[%clk 0:10:15]} Bxf8 {[%clk 0:52:41]} Nxf8 {[%clk 0:10:03]} Bxg4
{[%clk 0:51:53]} Ng6 {[%clk 0:09:16]} Bxh5 {[%clk 0:51:54]} Nf4+ {[%clk
0:09:43]} Rxf4 {[%clk 0:52:16]} exf4 {[%clk 0:10:12]} Rg1 {[%clk 0:52:32]} Re8+
{[%clk 0:10:06]} Kd2 {[%clk 0:52:54]}